| 000 | 00714nam a22002057a 4500 | ||
|---|---|---|---|
| 005 | 20171111112514.0 | ||
| 010 | _aENG-121349 | ||
| 020 |
_c195.00 _a9788129001054 |
||
| 035 | _aEN-104881 | ||
| 037 | _bDBAD/PUB | ||
| 082 | _a612.76 | ||
| 100 | _aAmarjeet Singh | ||
| 245 |
_aKhee osteoarthritics (KOA) : _cby Amarjeet Singh, M.S. Dhllon [and] Sukhpal kaur _bnon surgical interventions and exercises a guidebook for patients / |
||
| 260 |
_aNew Delh _bA New Era International Imprint _c2015 |
||
| 270 |
_aSCO 49-51,Sector-17C,Post Box-52 _bChandigarh _e150017 |
||
| 300 |
_a80,[16]. _c22cm.(pbk) _bill. |
||
| 700 | _a Dhllon,M.S. | ||
| 700 | _a Sukhpal kaur | ||
| 942 |
_2ddc _cEN _h612.76 _mAMA |
||
| 999 |
_c147293 _d147293 |
||